000 008470000a22002290004500
003 dpl
005 2008103109529.0
008 081031t xxu||||| |||| 00| 0 eng d
010 _aENG-84661
020 _a817391737X
_c650.00 (hb)
035 _aEN-68194
040 _cdpl
082 _a380.130905
245 _aNew trade policy and WTO regime:
_b(2004-2009) /
_cedited by P V Sarma and L K Mohana Rao
260 _aNew Delhi
_bKanishka Publishers, Distributors
_c2005
300 _aix,284p
_c22cm
500 _aIncludes bibliographical references and index
700 _aRao, L K Mohana
_ced
700 _aSarma, P V
_ced
942 _2ddc
_cEN
_h380.130905
_mNEW
999 _c17965
_d17965